LEADER 04304nam 22006731 450 001 9910784869503321 005 20230207224347.0 010 $a1-280-91485-8 010 $a9786610914852 010 $a90-474-0486-6 010 $a1-4294-1453-7 024 7 $a10.1163/9789047404866 035 $a(CKB)1000000000404120 035 $a(OCoLC)191952658 035 $a(CaPaEBR)ebrary10175411 035 $a(SSID)ssj0000152234 035 $a(PQKBManifestationID)11177488 035 $a(PQKBTitleCode)TC0000152234 035 $a(PQKBWorkID)10321127 035 $a(PQKB)11199964 035 $a(MiAaPQ)EBC3004007 035 $a(Au-PeEL)EBL3004007 035 $a(CaPaEBR)ebr10175411 035 $a(CaONFJC)MIL91485 035 $a(nllekb)BRILL9789047404866 035 $a(EXLCZ)991000000000404120 100 $a20210731d2004 uy 0 101 0 $aeng 135 $aurcn||||||||| 181 $ctxt 182 $cc 183 $acr 200 10$aExplorations in Jewish Historical Experience $eThe Civilizational Dimension /$fShmuel N. Eisenstadt 210 1$aLeiden; $aBoston :$cBRILL,$d2004. 215 $a1 online resource (340 p.) 225 1 $aJewish Identities in a Changing World ;$v3 300 $aBibliographic Level Mode of Issuance: Monograph 311 $a90-04-13693-2 320 $aIncludes bibliographical references and index. 327 $aSection I The Jewish Historical Experience in the Civilizational Framework CHAPTER ONE, The Format of Jewish History - Some Reflections on Weber's Ancient Judaism CHAPTER TWO, The Jewish Historical Experience in the Framework of Comparative Universal History CHAPTER THREE, The Jewish Experience in the Modern Era Section II The Zionist Movement and Israeli Story CHAPTER FOUR, Did Zionism Bring the Jews back to History? CHAPTER FIVE, Change and Continuity in Israeli Society CHAPTER SIX, The Mahapach of 1977 and the Transformation of Israeli Society CHAPTER SEVEN, Israeli Identity: Problems in the Development of the Collective Identity of an Ideological Society CHAPTER EIGHT, Israeli Politics and the Jewish Political Tradition: Principled Political Anarchism and the Rule of the Court CHAPTER NINE, Two New Democracies, the U.S. and Israel: Some Comparative Remarks Section III The Jewish Experience in the Contemporary Era CHAPTER TEN, The American Jewish Experience and American Pluralism: A Comparative Perspective CHAPTER ELEVEN, Patterns of Contemporary Jewish Identity CHAPTER TWELVE, The Jewish Experience in the Contemporary Era: Some Concluding Observations. 330 $aThis volume brings together several of Prof. S.N. Eisenstadt's essays written over the years on Jewish history and identity. The major argument of the essays follows the Weberian view of Jewish historical experience as that of a distinct civilization, as a distinct Great Religion, the first monotheistic civilization - without, however, accepting many of Weber's concrete analyses. The core of the argument that underlies these essays is, that the best way to understand the Jewish experience is to look on Jews not just as a religious or ethnic group, nation or "people", although they have been all of these, but as bearers of a distinct civilization. These essays examine the historical experience of the Jewish people and communities in ancient medieval and modern times in the framework of such civilizational analysis in which special attention is given to the analysis of Israeli society and to the continual changing place of Israel in a central component of Jewish identity, in line with the different historical experience and collective agendas of the Jewish communities. 410 0$aJewish Identities in a Changing World ;$v3. 517 3 $aThe Civilizational Dimension 606 $aJews$xCivilization 606 $aJews$xIdentity 606 $aJews$zUnited States 607 $aIsrael$xPolitics and government 607 $aIsrael$xSocial conditions 615 0$aJews$xCivilization. 615 0$aJews$xIdentity. 615 0$aJews 676 $a909/.04924 700 $aEisenstadt$b Shmuel N.$0451679 801 0$bNL-LeKB 801 1$bNL-LeKB 906 $aBOOK 912 $a9910784869503321 996 $aExplorations in Jewish Historical Experience$93686878 997 $aUNINA LEADER 04736nam 2201165z- 450 001 9910566458103321 005 20220506 035 $a(CKB)5680000000037800 035 $a(oapen)https://directory.doabooks.org/handle/20.500.12854/80957 035 $a(oapen)doab80957 035 $a(EXLCZ)995680000000037800 100 $a20202205d2022 |y 0 101 0 $aeng 135 $aurmn|---annan 181 $ctxt$2rdacontent 182 $cc$2rdamedia 183 $acr$2rdacarrier 200 00$aZoonoses and Wildlife: One Health Approach 210 $aBasel$cMDPI - Multidisciplinary Digital Publishing Institute$d2022 215 $a1 online resource (178 p.) 311 08$a3-0365-3736-8 311 08$a3-0365-3735-X 330 $aThroughout history, wildlife has been an important source of infectious diseases transmissible to humans. Today, zoonoses with a wildlife reservoir constitute a major public health problem, affecting all continents. The importance of such zoonoses is increasingly recognized, and the need for more attention in this area is being addressed. The total number of zoonoses is unknown, some 1,415 known human pathogens have been catalogued, and 62% are of zoonotic origin [1]. With time, more and more human pathogens are found to be of animal origin. Moreover, most emerging infectious diseases in humans are zoonoses. Wild animals seem to be involved in the epidemiology of most zoonoses and serve as major reservoirs for transmission of zoonotic agents to domestic animals and humans [2]. The concept of the 'One Health' approach involving collaboration between veterinary and medical scientists, policy makers, and public health officials, is necessary to foster joint cooperation and control of emerging zoonotic diseases [3]. Zoonotic diseases caused by a wide range of arthropods, bacteria, helminths, protozoans, and viruses can cause serious and even life-threatening clinical conditions in animals, with a number of them also affecting the human population due to their zoonotic potential. The aim of the current Special Issue is to cover recent and novel research trends in zoonotic diseases in wildlife, including the relevant topics related to wildlife, zoonosis, public health, emerging diseases, infectious diseases and parasitic diseases. 517 $aZoonoses and Wildlife 606 $aBiology, life sciences$2bicssc 606 $aResearch and information: general$2bicssc 606 $aZoology and animal sciences$2bicssc 610 $aaerosols 610 $aAnaplasma phagocytophilum 610 $aarbovirus 610 $aAtlantic Spain 610 $abadger 610 $aBalantioides coli 610 $abats 610 $aBlastocystis 610 $ac-ELISA 610 $acamera-traps 610 $acattle 610 $aCoxiella burnetii 610 $aCryptosporidium 610 $aCryptosporidium hominis 610 $adust 610 $aEnterocytozoon bieneusi 610 $aepidemiology 610 $aEuropean bison 610 $afaeces 610 $afilter card 610 $aGiardia 610 $aGiardia duodenalis 610 $aHelicobacter spp. 610 $ahumans 610 $ainteractions 610 $aisolation 610 $aLeptospira interrogans 610 $amacaque 610 $aMeles meles 610 $amicromammals 610 $amicroscopic agglutination test 610 $amolecular epidemiology 610 $aMycobacterium tuberculosis complex 610 $an/a 610 $anon-human primates 610 $anon-tuberculous mycobacteria 610 $aone health 610 $aP22 ELISA 610 $aPCR 610 $aphylogenesis 610 $apreservation 610 $aQ fever 610 $arats 610 $aRT-PCR 610 $aruminants 610 $aSalmonella 610 $aserology 610 $aseroprevalence 610 $aSlovenia 610 $astorage 610 $aSus scrofa 610 $atick 610 $atransportation 610 $aTroglodytella 610 $atuberculosis 610 $aturtles 610 $awest nile virus 610 $awild ungulates 610 $awildlife 610 $awildlife rescue centres 610 $awildlife-livestock interface 610 $azoological garden 610 $azoonosis 610 $azoonotic 615 7$aBiology, life sciences 615 7$aResearch and information: general 615 7$aZoology and animal sciences 700 $aGonza?lez-Barrio$b David$4edt$01326241 702 $aGonza?lez-Barrio$b David$4oth 906 $aBOOK 912 $a9910566458103321 996 $aZoonoses and Wildlife: One Health Approach$93037202 997 $aUNINA